00235nam a2200097Ia 4500008004100000100001500041245002500056260003000081300000800111650001800119191201s2005 xx 000 0 und d aKEENE, Ray 4aThe Times Two Brains aN.DelhibViva Booksc2005 a158 aGeneral Books